| 000 | 00652nam a2200229 a 4500 | ||
|---|---|---|---|
| 005 | 20140310183519.0 | ||
| 008 | 110803s19uu xx 00 eng d | ||
| 020 | _a9789810698645 | ||
| 050 |
_aHG 173 _b.M632 2008 |
||
| 100 | _aMishkin, Frederic S. | ||
| 245 |
_aUnderstanding the economics of money, banking and financial markets. / _cFrederic S. Mishkin. |
||
| 250 | _a8th ed. | ||
| 260 |
_aSingapore : _bPearson, _c2008. |
||
| 300 |
_axli, 622, [47] p. : _bcol. ill. ; _c26 cm. |
||
| 500 | _aIncludes index. | ||
| 521 | _aBSBA | ||
| 650 | _aFinance | ||
| 650 | _aMoney. | ||
| 942 |
_cBK _2lcc _kFOR |
||
| 999 |
_c24378 _d24378 |
||